Logo Biblioteca

Alta tensión / (Registro nro. 563)

Detalles MARC
000 -LEADER
fixed length control field 00673nam a22002297a 4500
003 - CONTROL NUMBER IDENTIFIER
control field OSt
005 - DATE AND TIME OF LATEST TRANSACTION
control field 20250828093748.0
008 - FIXED-LENGTH DATA ELEMENTS--GENERAL INFORMATION
fixed length control field 250828t2011 sp ||||| |||| 00| f spa d
020 ## - INTERNATIONAL STANDARD BOOK NUMBER
International Standard Book Number 978-84-9867-938-0
040 ## - CATALOGING SOURCE
Transcribing agency Besoc
080 ## - UNIVERSAL DECIMAL CLASSIFICATION NUMBER
Authority record control number or standard number 82-312.4(73)
100 10 - MAIN ENTRY--PERSONAL NAME
Personal name Coben, Harlan,
Dates associated with a name 1962-
Relator term autor
245 10 - TITLE STATEMENT
Title Alta tensión /
Statement of responsibility, etc. Harlan Coben ; traducción de Alberto Coscarelli.
250 ## - EDITION STATEMENT
Edition statement 1a ed.
260 ## - PUBLICATION, DISTRIBUTION, ETC.
Place of publication, distribution, etc. Barcelona :
Name of publisher, distributor, etc. RBA,
Date of publication, distribution, etc. 2011.
300 ## - PHYSICAL DESCRIPTION
Extent 367 p. ;
Dimensions 21 cm.
490 0# - SERIES STATEMENT
Series statement Serie Negra
Volume/sequential designation 100
500 ## - GENERAL NOTE
General note En cubierta: Una historia de Myron Bolitar.
650 4# - SUBJECT ADDED ENTRY--TOPICAL TERM
Topical term or geographic name entry element Literarura norteamericana
Form subdivision Novela
Chronological subdivision Siglo XXI
655 4# - INDEX TERM--GENRE/FORM
Genre/form data or focus term Novela policial
942 ## - ADDED ENTRY ELEMENTS (KOHA)
Source of classification or shelving scheme Universal Decimal Classification
Koha item type Libro de préstamo a domicilio
Suppress in OPAC No
Existencias
Withdrawn status Lost status Source of classification or shelving scheme Damaged status Not for loan Collection Home library Current library Date acquired Source of acquisition Total checkouts Full call number Barcode Date last seen Price effective from Koha item type
    Universal Decimal Classification     Colección Nélida Perona Biblioteca Escuela de Ciencias Sociales Biblioteca Escuela de Ciencias Sociales 28/08/2025 Donación 2025   82-312.4(73) C655 001364 28/08/2025 28/08/2025 Libro de préstamo a domicilio
Biblioteca de la Escuela Preuniversitaria en Ciencias Sociales y Humanísticas.
Riobamba 250 bis.
CP 2000 - Rosario - Santa Fe
E-Mail: biblioteca@esociales.unr.edu.ar